Romanizations of Khrushchev - Statistics

General Stats
  • This quiz has been taken 12 times
  • The average score is 4 of 28
Answer Stats
Language Romanization % Correct
Vietnamese Khrushchyov
63%
Portuguese Khrushchov
50%
Polish Chruszczow
38%
Turkish Kruşçev
38%
Maltese Krushchev
38%
Italian Chruščëv
25%
German Chruschtschow
25%
Azeri Xruşşov
25%
Dutch Chroesjtsjov
13%
Frisian Chrûsjtsjov
13%
Romanian Hrușciov
13%
Latvian Hruščovs
13%
Hungarian Hruscsov
13%
Finnish Hruštšov
13%
French Khrouchtchev
13%
Afrikaans Chroesjtsjof
0%
Ligurian Chrosciòff
0%
Breton C'hrouchtchov
0%
Lithuanian Chruščiovas
0%
Swedish Chrusjtjov
0%
Irish Gaelic Cruistsiof
0%
Albanian Hrushçov
0%
Spanish Jrushchov
0%
Danish Khrusjtjov
0%
Norwegian Khrusjtsjov
0%
Basque Khrustxov
0%
Catalan Khrusxov
0%
Icelandic Krústsjov
0%
No matching quizzes found
Score Distribution
Percent of People with Each Score
Percentile by Number Answered
Your Score History
You have not taken this quiz